CT/CS 1ere génération - Statistiques

Statistiques générales
  • Ce quiz a été pris 165 fois
  • Le résultat moyen est 22 sur 55
Statistiques - réponses
Hint Réponse % Correct
CS03 Surf
97%
CS02 Vol
95%
CS01 Coupe
94%
CS04 Force
91%
CT26 Séisme
81%
CS05 Flash
80%
CT13 Laser Glace
80%
CT29 Psyko
80%
CT38 Déflagration
78%
CT24 Tonnerre
78%
CT25 Fatal-Foudre
77%
CT14 Blizzard
70%
CT28 Tunnel
64%
CT45 Cage-Eclair
61%
CT06 Toxik
58%
CT22 Lance-Soleil
55%
CT15 Ultralaser
49%
CT48 Eboulement
46%
CT21 Méga-Sangsue
41%
CT12 Pistolet à O
41%
CT01 Ultimapoing
41%
CT11 Bulles d'O
40%
CT27 Abîme
39%
CT05 Ultimawashi
39%
CT44 Repos
37%
CT33 Protection
32%
CT23 Draco-Rage
30%
CT10 Damoclès
28%
CT19 Frappe Atlas
28%
CT34 Patience
26%
CT09 Bélier
24%
CT50 Clonage
22%
CT42 Dévorêve
22%
CT08 Plaquage
22%
CT32 Reflet
22%
CT07 Empal'Korne
21%
CT47 Explosion
21%
CT43 Piqué
21%
CT46 Vague Psy
21%
CT17 Sacrifice
20%
CT03 Danse-Lames
18%
CT02 Coupe-Vent
16%
CT04 Cyclone
16%
CT36 Destruction
16%
CT16 Jackpot
16%
CT39 Météores
16%
CT30 Téléport
16%
CT40 Coud'Krâne
14%
CT35 Métronome
14%
CT41 E-Coque
12%
CT18 Riposte
12%
CT37 Bomb'Oeuf
11%
CT31 Copie
10%
CT49 Triplattaque
9%
CT20 Frénésie
3%
Aucun quiz correspondant
Distribution des résultats
% des personnes avec chaque résultat
Percentile par nombre de réponses
Votre historique - résultats
Vous n’avez pas pris ce quiz